000 00684nam a2200193 i 4500
001 141128
003 ES-MaACL
005 20230906200228.0
007 t|
008 070919s1961 cu ||||1| spa d
100 1 _aVitier, Medardo (
_d1886-1960)
_9115514
245 1 0 _aValoraciones.
_nII /
_cpor Medardo Vitier.
260 _aLa Habana :
_bUniversidad Central de las Villas, Departamento de Relaciones Culturales,
_c1961 (
_fImpr. Ucar García)
300 _a290 p. ;
_c20 cm.
500 _aPrecede al tít.: Universidad Central de las Villas.
650 4 _aFilosofía-
_vHistoria.
_9158248
710 2 _aUniversidad Central de Las Villas.
_97082
852 _aES-MaACL
_jP-795-bis
999 _c141128
_d141128